| 000 | 00554nam a2200217Ia 4500 | ||
|---|---|---|---|
| 999 |
_c41232 _d41232 |
||
| 001 | 7884 | ||
| 003 | GE_BSU | ||
| 005 | 20220928124905.0 | ||
| 008 | 181216s2012fe xx |||||||||||||| ||fre|| | ||
| 020 | _a9782070368785 | ||
| 040 | _cGE_BSU | ||
| 041 | _afre | ||
| 080 | _a821.133.1 S-22 | ||
| 100 |
_aSartre,Jean-Paul _914886 |
||
| 245 |
_aLe mur / _cJean-Paul Sartre, |
||
| 264 |
_aParis : _bGallimard, _c2012 |
||
| 300 |
_a245 p.: _c17cm. |
||
| 653 | _aLe mur | ||
| 653 | _aფრანგული ლიტერატურა | ||
| 942 |
_cBK _2udc |
||